Statistiques concernant Culture Générale - Série 2078

Cliquez ici pour prendre le quiz!

Statistiques générales

  • Ce quiz a été pris 139 fois
  • Le résultat moyen est 7 sur 10

Statistiques - réponses

QuestionRéponse% Correct
Quelle lettre utilise t-on pour écrire 500 en chiffres romains ?D
96%
Quelle est la plus grosse planète du système solaire ?Jupiter
94%
Dans la mythologie égyptienne, qui est l’épouse d’Osiris ?Isis
84%
Comment se prénommait la soeur, sculptrice, de Paul Claudel ?Camille
81%
En informatique, par quel mot français peut on remplacer le mot anglais mail ?courriel
77%
Quel animal est l’emblème de l’Alsace ?cigogne
75%
Quel mot de la langue française est le seul à comporter 2 z et 2 g ?zigzag
68%
Quel ancien sportif de haut niveau a été nommé Ministre des sports en 2011 ? prénom et nomDavid Douillet
65%
A la télévision, quel animateur (prénom et nom) présente le jeu Slam ?Cyril Féraud
50%
Quel chevalier de la Table Ronde était appelé "Le Gallois" ? voir photoPerceval
50%

Distribution des résultats

Percentile par nombre de réponses

% des personnes avec chaque résultat

Votre développement - résultats

Vous n’avez pas pris ce quiz